| 000 | 00000nam##2200000za#4500 |
| 001 | 9.641458 |
| 003 | CaOODSP |
| 005 | 20210624223223 |
| 007 | cr ||||||||||| |
| 008 | 150407|2007||||xxc|||||o f|0| 0 fre|d |
| 040 | |aCaOODSP|bfre |
| 043 | |an-cn--- |
| 086 | 1 |aFo4-14/8-2007F-PDF |
| 110 | 1 |aCanada.|bRessources naturelles Canada. |bService canadien des forêts. |
| 245 | 13|aLa forêt boréale canadienne : |h[ressource électronique]|btradition et transition / |c[publié par l'] Association forestière canadienne. |
| 246 | 3 |aTrousse d'enseignement. Volume 8, La forêt boréale canadienne |
| 260 | |aOttawa - Ontario : |bRessources naturelles Canada. |cc2007. |
| 300 | |a48p.|bfigures, glossaire, ill., cartes, photographies |
| 500 | |aL'ISBN (978-0-9737807-4-1) imprimé dans cette publication électronique est incorrect. |
| 520 | 3 |aOffre aux enseignants les outils nécessaires pour mieux faire comprendre aux jeunes la valeur des forêts et l'importance de les protéger et de les conserver. |
| 590 | |a13-06-Supp|b2013-03-19 |
| 691 | 07|aÉcosystème boréal|2gcpds |
| 691 | 07|aForêt|2gcpds |
| 775 | 08|tCanada's boreal forest : |w(CaOODSP)9.697412 |
| 776 | 0#|tLa forêt boréale du Canada : |w(CaOODSP)9.684246 |
| 856 | 40|ahttp://publications.gc.ca|qPDF|s3.55 Mo|uhttps://publications.gc.ca/collections/collection_2013/rncan-nrcan/Fo4-14-8-2007-fra.pdf |